000 00560nam a2200241 a 4500
001 nice12345678
003 IN_TiNIC
005 20260116014920.0
008 050524s1964 newa grp 000 0 eng
020 _a
_c100
082 0 0 _a266.2
_bSCH
100 _aScherer, James A
245 _aMissionary Go Home
260 _aNew Jersey
_bPrentice-Hall
_c1964
300 _a192p
500 _aincludes index and biblioraphy
505 2 _aIndex
650 _aMissions
700 1 _aScherer, James A
902 _bSRS
942 _cBK
999 _c17523
_d17523